| 000 -CABECERA |
| Longitud fija campo de control |
00669nam a2200193 a 4500 |
| 001 - NÚMERO DE CONTROL |
| Número de control |
3193 |
| 003 - IDENTIFICADOR DEL NÚMERO DE CONTROL |
| Identificador del número de control |
CDMR |
| 005 - FECHA Y HORA DE LA ÚLTIMA TRANSACCIÓN |
| Fecha y hora de la última transacción |
20131014170016.0 |
| 008 - CÓDIGOS DE INFORMACIÓN DE LONGITUD FIJA |
| Códigos de información de longitud fija |
130130s1980||||||||||||||||||||||||||||d |
| 020 ## - NÚMERO INTERNACIONAL NORMALIZADO PARA LIBROS |
| Número Internacional Normalizado para Libros (ISBN) |
84747906504 |
| 040 ## - FUENTE DE LA CATALOGACIÓN |
| Centro catalogador de origen |
CDMR |
| Lengua de catalogación |
cat |
| Centro transcriptor |
CDMR |
| 100 1# - PUNTO DE ACCESO PRINCIPAL-NOMBRE DE PERSONA |
| Nombre de persona |
Díez Rodríguez, Fernando |
| 9 (RLIN) |
2317 |
| 245 10 - MENCIÓN DE TÍTULO |
| Título |
Prensa agraria en la España de la Ilustración |
| Resto del título |
: el Semanario de Agricultura y Artes dirigido a los Párrocos (1797-1808) |
| Mención de responsabilidad, etc. |
Fernando Dïez Rodríguez |
| 260 ## - PUBLICACIÓN, DISTRIBUCIÓN, ETC. (PIE DE IMPRENTA) |
| Lugar de publicación, distribución, etc. |
Madrid |
| Fecha de publicación, distribución, etc. |
1980 |
| Nombre del editor, distribuidor, etc. |
Servicio de Publicaciones Agrarias |
| 300 ## - DESCRIPCIÓN FÍSICA |
| Extensión |
217 p. |
| 490 0# - MENCIÓN DE SERIE |
| Mención de serie |
Estudios |
| 500 ## - NOTA GENERAL |
| Nota general |
A la coberta: Ministerio de Agricultura. Secretaría General Técnica |
| 942 ## - ENTRADA DE ELEMENTOS AGREGADOS (KOHA) |
| Koha [por defecto] tipo de item |
Monografies |
| Fuente de clasificaión o esquema |
|